000 00207 a2200097 4500
001 62532
082 _a153.94 BRO
100 _aBro
245 _aGRE General test
260 _aNew delhi
_bGalgotia pub
_c1992
942 _aNUST-CAE
_k153.94 BRO
999 _c297605
_d297605